000 00290nam a22001337a 4500
008 180925b xxu||||| |||| 00| 0 eng d
020 _a9780385525213
041 _aeng
080 _a321
100 _a23
101 _aPOL
245 _aThe Hidden Brain
_cVedantam.SH
942 _2udc
_cBK
999 _c48462
_d48462